Statistics for Pokémon starting with an O (generation 1-7)

Click here to take the quiz!

General Stats

  • This quiz has been taken 6 times
  • The average score is 3 of 8

Answer Stats

GenPokémon% Correct
1Omastar
100%
1Omanyte
83%
1Oddish
33%
2Octillery
17%
1Onix
17%
7Oricorio
17%
5Oshawott
17%
7Oranguru
0%

Score Distribution

Percentile by Number Answered

Percent of People with Each Score

Your Score History

You have not taken this quiz